01365nam a22002417a 4500003001000000005001700010007000300027008004100030015001200071020001900083040003400102044001300136080002300149100004500172245003600217250001100253260003200264300002100296490003500317520070900352650003201061655003001093AR-RoUNCS20260306102504.0ta171018s2022 ag gr 000 f spa  aAR-2022 a978-950-7720-9 aAR-BaBNbspacAR-RoUNCSeaacr aagcar-c1 a82-312.4(82)220161 aEtcheves, Florencia,d1971-eautora4aut10aCornelia /cFlorencia Etcheves. a1a ed. aC.A.B.A. :bPlaneta,c2022. a368 p. ;c19 cm.0 aBiblioteca Centenario YPF ;v43 aLa joven Cornelia desaparece en una pequeña localidad de la Patagonia argentina durante un viaje de estudios con cuatro compañeras. De ella sólo queda una cadena tirada en la nieve. Diez años después de la desaparición de la chica, Pipa, una de las cuatro amigas decide reabrir el caso ante la insistencia de la madre al descubrir que una persona anónima ha estado publicando en el diario una esquela por su hija cada año. El carácter personal de la investigación despierta los fantasmas del pasado, algo para lo cual la agente no está preparada. Una novela absorbente que va mas allá de la búsqueda y denuncia para tratar un problema contemporáneo. (Descripción del editor) 72embneaLiteratura argentina 7aNovelas policiacas2embne